[Event "MAS-ch Challengers"]
[Site "Pontian"]
[Date "2024.04.24"]
[Round "6"]
[White "Koong, Chun Hong"]
[Black "Nazli Syam, Naim Azraie"]
[Result "1/2-1/2"]
[WhiteElo "1638"]
[BlackElo "1594"]
[PlyCount "148"]
[EventDate "2024.04.21"]
[EventType "swiss"]
[EventRounds "9"]
[EventCountry "MAS"]
[SourceTitle "EXT 2025"]
[Source "ChessBase"]
[SourceDate "2024.10.14"]
[SourceVersion "1"]
[SourceVersionDate "2024.10.14"]
[SourceQuality "1"]

1. Nf3 Nf6 2. b3 g6 3. Bb2 Bg7 4. g3 0-0 5. Bg2 c5 6. 0-0 d5 7. e3 Nc6 8. d4 Ne4 9. Nbd2 Bg4 10. h3 Bxf3 11. Nxf3 c4 12. bxc4 dxc4 13. c3 Qa5 14. Qc2 Nd6 15. e4 e5 16. dxe5 Nxe5 17. Nxe5 Qxe5 18. Rad1 Rfd8 19. Rd5 Qe6 20. Rfd1 f6 21. Qa4 Bf8 22. Ba3 Be7 23. Bxd6 Rxd6 24. Qxc4 Rc8 25. Qb3 Rb6 26. Qc2 Rbc6 27. R1d3 f5 28. Re3 fxe4 29. Bxe4 Bc5 30. Rdd3 Bxe3 31. Bd5 Qxd5 32. Rxd5 Bb6 33. Qb3 Kh8 34. Rd2 Rxc3 35. Qf7 R3c7 36. Qf6+ Kg8 37. Re2 Rf7 38. Qe6 Rc6 39. Qb3 Rcf6 40. Re8+ Kg7 41. Qc3 Bxf2+ 42. Kg2 b6 43. Re6 g5 44. h4 gxh4 45. gxh4 Bxh4 46. Qe5 h6 47. Kh3 Bg5 48. Kg4 Kh7 49. Qe4+ Kg7 50. Qd4 Kg8 51. Re8+ Kh7 52. Kh5 Bf4 53. Qd3+ Kg7 54. Qd4 Bg5 55. Qe5 Bf4 56. Qc3 Rc7 57. Qd4 Rc5+ 58. Kg4 Bg5 59. Kg3 Rc7 60. Qe5 Rcf7 61. Kg4 Kg6 62. Qe4+ Kg7 63. Kh5 Bf4 64. Qg2+ Bg5 65. Qc2 Rf5 66. Re4 Be3+ 67. Kh4 Bf2+ 68. Kh3 Rh5+ 69. Kg2 Rg5+ 70. Kh1 Bc5 71. Qc3+ Kh7 72. Qd3 Kg7 73. Qc3+ Kh7 74. Qd3 Kg7 1/2-1/2

[Event "MAS-ch Challengers"]
[Site "Pontian"]
[Date "2024.04.23"]
[Round "4"]
[White "Nazli Syam, Naim Azraie"]
[Black "Helmy, Muhammad Adnin Nuay"]
[Result "1-0"]
[WhiteElo "1594"]
[BlackElo "1717"]
[PlyCount "81"]
[EventDate "2024.04.21"]
[EventType "swiss"]
[EventRounds "9"]
[EventCountry "MAS"]
[SourceTitle "EXT 2025"]
[Source "ChessBase"]
[SourceDate "2024.10.14"]
[SourceVersion "1"]
[SourceVersionDate "2024.10.14"]
[SourceQuality "1"]

1. e4 c5 2. Nc3 a6 3. Nge2 e6 4. g3 b5 5. a3 Bb7 6. Bg2 Nf6 7. d3 d6 8. 0-0 Qc7 9. f4 Nbd7 10. f5 e5 11. Kh1 Rc8 12. b3 Be7 13. Nd5 Bxd5 14. exd5 c4 15. bxc4 bxc4 16. d4 e4 17. Nc3 Nb6 18. Nxe4 Nbxd5 19. Nxf6+ Nxf6 20. Rb1 d5 21. Bf4 Qa7 22. c3 0-0 23. Be5 Qd7 24. Rb6 Rc6 25. Qb1 Rxb6 26. Qxb6 Qa4 27. Bxf6 Bxf6 28. Qb4 Qd7 29. Qa5 Qb5 30. Qxb5 axb5 31. Bxd5 Be7 32. Rb1 Bxa3 33. Rxb5 Bc1 34. Bxc4 Bd2 35. Rb3 Rc8 36. Ba6 Ra8 37. Bb7 Rb8 38. c4 Kf8 39. d5 Ke7 40. c5 Kd8 41. d6 1-0